Al-Muwatta of Imam Malik ibn Anas : (Record no. 542229)
[ view plain ]
| 000 -LEADER | |
|---|---|
| fixed length control field | 00808cam a2200193 a 4500 |
| 020 ## - INTERNATIONAL STANDARD BOOK NUMBER | |
| International Standard Book Number | 0710303610 |
| 082 ## - DEWEY DECIMAL CLASSIFICATION NUMBER | |
| Classification number | 297.5 |
| Author Mark | MAL |
| -- | L31,p-54 |
| 100 0# - MAIN ENTRY--PERSONAL NAME | |
| Personal name | Mālik ibn Anas, |
| 9 (RLIN) | 37338 |
| 245 13 - TITLE STATEMENT | |
| Title | Al-Muwatta of Imam Malik ibn Anas : |
| Remainder of title | the first formulation of Islamic law / |
| Statement of responsibility, etc. | Imam Malik ibn Anas ; translated by Aisha Abdurrahman Bewley. |
| 260 ## - PUBLICATION, DISTRIBUTION, ETC. | |
| Place of publication, distribution, etc. | London ; |
| -- | New York : |
| Name of publisher, distributor, etc. | Kegan Paul International ; |
| Place of publication, distribution, etc. | New York, NY, USA : |
| Name of publisher, distributor, etc. | Distributed by Routledge, Chapman and Hall, |
| Date of publication, distribution, etc. | 1989. |
| 300 ## - PHYSICAL DESCRIPTION | |
| Extent | xxxviii, 465 p. ; |
| Dimensions | 26 cm. |
| 500 ## - GENERAL NOTE | |
| General note | Translation of: al-Muwaṭṭaʼ. |
| 526 ## - STUDY PROGRAM INFORMATION NOTE | |
| Program name | 0 |
| Interest level | 0 |
| Reading level | 0 |
| Title point value | 297_500000000000000_MAL |
| 650 #0 - SUBJECT ADDED ENTRY--TOPICAL TERM | |
| Topical term or geographic name entry element | Hadith |
| General subdivision | Early works to 1800. |
| 9 (RLIN) | 37339 |
| 650 #0 - SUBJECT ADDED ENTRY--TOPICAL TERM | |
| Topical term or geographic name entry element | Islamic law |
| General subdivision | Early works to 1800. |
| 9 (RLIN) | 37340 |
| 650 #0 - SUBJECT ADDED ENTRY--TOPICAL TERM | |
| Topical term or geographic name entry element | Malikites |
| General subdivision | Early works to 1800. |
| 9 (RLIN) | 37341 |
| 650 #0 - SUBJECT ADDED ENTRY--TOPICAL TERM | |
| Topical term or geographic name entry element | MCE |
| 9 (RLIN) | 379 |
| 942 ## - ADDED ENTRY ELEMENTS (KOHA) | |
| Source of classification or shelving scheme | |
| Koha item type | Book |
| Withdrawn status | Lost status | Source of classification or shelving scheme | Damaged status | Not for loan | Permanent Location | Current Location | Date acquired | Total Checkouts | Full call number | Barcode | Date last seen | Price effective from | Koha item type |
|---|---|---|---|---|---|---|---|---|---|---|---|---|---|
| Military College of Engineering (MCE) | Military College of Engineering (MCE) | 09/26/2013 | 297.5 MAL | MCE-25822 | 09/26/2013 | 09/26/2013 | Book |
